[Event "17th Prague Open 2018"]
[Site "Prague"]
[Date "2018.01.18"]
[Round "8"]
[White "Chekletsov, Ilya"]
[Black "Stefansson, Hannes"]
[Result "1-0"]
[WhiteElo "2373"]
[BlackElo "2523"]
[Annotator "TA"]
[PlyCount "113"]
[EventDate "2018.??.??"]
[EventType "swiss"]
[EventCountry "CZE"]
[SourceTitle "playchess.com"]
[Source "ChessBase"]
[SourceQuality "1"]

{[%evp 18,113,38,25,167,168,197,201,259,186,188,195,183,187,170,178,291,293,292,294,328,183,183,191,186,162,153,152,151,151,169,166,145,143,172,182,211,174,174,175,175,175,175,175,204,174,217,180,166,0,195,150,142,95,169,52,56,21,13,0,0,0,0,0,0,0,0,0,0,0,33,33,75,76,85,90,80,83,83,23,387,387,933,988,1456,1470,761,1243,1039,999,929,461,823,748,4631,4631,29967,1408]} 1. d4 d5 2. c4 e6 3. Nf3 Nf6 4. g3 Be7 5. Bg2 O-O 6. O-O Nbd7 7. Qc2 c6 8. Nbd2 b6 9. e4 dxc4 10. Nxc4 {LiveBook: 36 Partien} c5 {E09: Katalanisch} (10... Bb7 $11 {und Schwarz muss sich keine Sorgen machen.}) (10... Bb7 11. Bg5 b5 12. Ne3 c5 13. d5 exd5 14. exd5 Nxd5 15. Nxd5 Bxd5 16. Rad1 Nb6 17. Bf4 Qc8 18. Rfe1 {0-1 (34) Sethuraman,S (2638)-Erdos,V (2622) Hungary 2017}) 11. Ng5 $1 $18 {Droht stark e5.} g6 12. d5 $1 {[%cal Rd5e6]} Ng4 $146 {Weiß steht deutlich besser.} ({Vorgänger:} 12... Ne8 13. h4 exd5 14. exd5 Nd6 15. Ne4 Nxc4 16. Qxc4 Ne5 17. Qc3 Bd6 18. Bh6 f5 19. Nxd6 Qxd6 20. f4 {1-0 (20) Jiretorn,E (2230)-Petersen,S (2085) Copenhagen 1994}) 13. dxe6 Bxg5 14. exd7 Bxd7 15. Rd1 Bxc1 16. Raxc1 ({Viel schlechter ist} 16. Rdxc1 $6 Qe7 $11) 16... Qc7 (16... Rb8 $142 17. h3 Nf6) 17. h3 Nf6 18. e5 Bf5 19. Qe2 (19. Qc3 $142 Nd7 20. g4) 19... Rae8 20. Nd6 Re7 21. Nxf5 gxf5 22. f4 Ne8 23. Rd5 Rd7 24. Rxd7 Qxd7 25. Rd1 $36 {[%mdl 2048] Weiss bestimmt, wo es lang geht.} Qe6 26. b3 Kh8 27. Qc4 Qg6 28. Qc3 Ng7 29. Rd6 Ne6 30. Kh2 Rg8 31. Bd5 Qh5 {und wenn ...De2+ ginge, stände Schwarz gut.} 32. Bf3 Qg6 33. Bd5 Qh5 {...De2+ wäre jetzt gut für Schwarz.} 34. Qf3 Qxf3 35. Bxf3 $16 {[%mdl 4096] Endspiel KTL-KTS} Rc8 (35... Rd8 $16 {war nötig.}) 36. Bd5 ({Besser ist} 36. Be2 $18) 36... b5 $1 $14 37. Bxe6 fxe6 {KT-KT} 38. Kg2 c4 39. bxc4 $1 bxc4 40. Rd2 h5 41. h4 Kg8 42. Kf3 c3 43. Rc2 Rc4 44. Ke3 Kf8 45. Kd3 Ra4 46. Kxc3 Ra3+ {[#]} 47. Kb4 $1 {[%cal Rb4a3]} Rxg3 {[#]} 48. Rc8+ (48. Rc7 $1 $16) 48... Ke7 $2 {[%mdl 8192]} (48... Kf7 $11 {und Schwarz steht sicher.}) 49. Rc7+ $18 Kd8 $2 (49... Kf8 50. Rxa7 Rf3) 50. Rxa7 Rg4 51. Kc5 Rxf4 52. Kd6 {[%cal Ra7a8]} Rd4+ 53. Kxe6 f4 54. Ra8+ Kc7 55. Rf8 f3 56. Rxf3 Rxh4 57. Ke7 {Precision: Weiß = 67%, Schwarz = 28%.} (57. Kf7 $142 Re4 58. e6 Kd6 59. Rd3+ Kc7 60. e7 Rf4+ 61. Kg6 Re4 62. Kf6) 1-0

[Event "17th Prague Open 2018"]
[Site "Prague"]
[Date "2018.01.18"]
[Round "8"]
[White "Liu, Yi"]
[Black "Storme, Isak"]
[Result "1/2-1/2"]
[WhiteElo "2337"]
[BlackElo "2171"]
[Annotator "NA"]
[PlyCount "74"]
[EventDate "2018.??.??"]
[EventType "swiss"]
[EventCountry "CZE"]
[SourceTitle "playchess.com"]
[Source "ChessBase"]
[SourceQuality "1"]
[TimeControl "40/5400+30:1800+30"]

1. d4 {[%emt 0:20:26]} Nf6 {[%emt 0:04:35]} 2. Nf3 {[%emt 0:00:25]} e6 {[%emt 0:00:21]} 3. c4 {[%emt 0:00:55]} c5 {[%emt 0:00:24]} 4. e3 {[%emt 0:00:25]} cxd4 {[%emt 0:01:36]} 5. exd4 {[%emt 0:00:04]} d5 {[%emt 0:00:10]} 6. Nc3 {[%emt 0:00:17]} Bb4 {[%emt 0:01:02]} 7. Bd3 {[%emt 0:05:07]} O-O {[%emt 0:00:40]} 8. O-O {[%emt 0:00:25]} dxc4 {[%emt 0:01:19]} 9. Bxc4 {[%emt 0:01:20]} b6 {[%emt 0:05:35]} 10. Bg5 {[%emt 0:01:38]} Bxc3 {[%emt 0:01:59]} 11. bxc3 {[%emt 0:00:20]} Bb7 {[%emt 0:01:00]} 12. Bd3 {[%emt 0:06:58]} Nbd7 {[%emt 0:01:44]} 13. Qe2 {[%emt 0:02:32] LiveBook: 68 Games} Qc7 {[%emt 0:00:55]} 14. c4 {[%emt 0:04:10]} h6 {[%emt 0:19:21]} 15. Bh4 $11 {[%emt 0:01:00]} Nh5 {[%emt 0:06:41]} 16. Qe3 {[%emt 0:01:57]} Qf4 {[%emt 0:01:43]} 17. Be2 {[%emt 0:03:02]} g5 {[%emt 0:12:12]} 18. Bg3 {[%emt 0:01:21]} Nxg3 {[%emt 0:00:06]} 19. hxg3 {[%emt 0:00:08]} Qxe3 {[%emt 0:00:13]} 20. fxe3 {[%emt 0:00:03]} Kg7 {[%emt 0:01:35]} 21. a4 {[%emt 0:02:01]} Nf6 {[%emt 0:05:07]} 22. Nd2 {[%emt 0:00:46]} Ne4 {[%emt 0:01:35]} 23. Nxe4 {[%emt 0:00:38]} Bxe4 {[%emt 0:00:05]} 24. a5 {[%emt 0:03:28]} bxa5 {[%emt 0:03:45]} 25. Rxa5 {[%emt 0:00:55]} Rfb8 {[%emt 0:01:46]} 26. Rfa1 {[%emt 0:03:34]} Rb2 {[%emt 0:01:01]} 27. R1a2 {[%emt 0:04:04]} Rxa2 {[%emt 0:03:00]} 28. Rxa2 {[%emt 0:00:02]} a5 {[%emt 0:00:10]} 29. Bf3 {[%emt 0:00:17]} Bxf3 {[%emt 0:00:19]} 30. gxf3 {[%emt 0:00:02]} f5 {[%emt 0:03:11]} 31. g4 {[%emt 0:02:02]} Kf6 {[%emt 0:03:37]} 32. e4 {[%emt 0:05:08]} fxg4 {[%emt 0:00:39]} 33. fxg4 {[%emt 0:00:02]} Rd8 {[%emt 0:01:27]} 34. Rd2 {[%emt 0:00:49]} Rc8 {[%emt 0:02:31]} 35. Rc2 {[%emt 0:01:56]} Rd8 {[%emt 0:00:44]} 36. Rd2 {[%emt 0:00:36]} Rc8 {[%emt 0:00:07]} 37. Rc2 {[%emt 0:00:06]} Rd8 {[%emt 0:00:06]} 1/2-1/2

[Event "17th Prague Open 2018"]
[Site "Prague"]
[Date "2018.01.18"]
[Round "8"]
[White "Schippers, Maurice"]
[Black "Kiriakov, Petr"]
[Result "1/2-1/2"]
[WhiteElo "2309"]
[BlackElo "2528"]
[Annotator "TA"]
[PlyCount "139"]
[EventDate "2018.??.??"]
[EventType "swiss"]
[EventCountry "CZE"]
[SourceTitle "playchess.com"]
[Source "ChessBase"]
[SourceQuality "1"]

{[%evp 14,139,40,15,26,20,14,22,0,22,65,75,71,47,36,35,53,39,41,38,33,50,45,0,-16,-7,11,14,8,0,0,0,0,-30,-23,-27,-32,-32,-32,-43,-45,-39,-17,-29,0,-41,-41,-38,-37,-49,-49,-232,-48,-281,-278,-352,-110,-112,-61,-87,-89,-89,-79,-79,-79,-76,-72,-116,-119,-126,-45,-37,-26,-20,-21,-34,-19,-40,-42,-62,-74,-74,-74,-92,-88,-123,-89,-83,-81,-84,-72,-411,-391,-475,-466,-514,-250,-241,-179,-172,-5,-1,-8,-94,0,0,0,0,0,0,0,0,0,0,0,0,0,0,0,0,0,0,0,0,0,0,0,0]} 1. e4 e6 2. d4 d5 3. Nd2 a6 4. Ngf3 c5 5. dxc5 Bxc5 6. Bd3 Nc6 7. O-O Nf6 8. a3 Ba7 {C07: French Tarrasch: 3...c5, 4 Ngf3 and 4 exd5 Qxd5} 9. b4 (9. exd5 exd5 10. Re1+ Be6 11. Nb3 O-O 12. Be3 Bb8 13. h3 Ne4 14. Nc5 Bf5 15. Bxe4 Bxe4 16. Nxe4 dxe4 17. Qxd8 Rxd8 {½-½ (42) Ponomariov,R (2744)-Bartel,M (2617) Warsaw 2010}) 9... O-O 10. Bb2 b5 11. Qe2 dxe4 $146 ({Predecessor:} 11... Bb7 12. Rad1 Rc8 13. e5 Nd7 14. h4 h6 15. Nb3 Bb8 16. Rfe1 Qe7 {0-1 (46) Schiestl,J (2101)-Novkovic,M (2373) Austria 2014}) 12. Nxe4 Nd5 13. Neg5 h6 $1 {[%cal Rh6g5]} 14. Nh3 ({Much weaker is} 14. Qe4 f5 $17) 14... Nce7 15. Rad1 Bb8 16. Qe4 {[%csl Gd3][%cal Re4h7]} Ng6 $1 17. c4 bxc4 18. Bxc4 (18. Qxc4 $14 f5 19. Rfe1) 18... Bb7 $11 19. Rfe1 Qb6 20. Qg4 {Hoping for Nh4.} Qc7 21. g3 Ndf4 22. Nxf4 Qxc4 23. Rd7 (23. Bxg7 $5 Bxf4 24. Bxf8 Kxf8 25. gxf4 Qxf4 26. Qxf4 Nxf4 27. Ne5 $18) 23... Bxf3 $1 {[#]} 24. Qxg6 $1 {[%csl Gb2][%cal Rg6g7][%mdl 512]} e5 $1 (24... fxg6 25. Rxg7+) 25. Qd3 Qxd3 26. Nxd3 f6 27. Nc5 {Strongly threatening Ne6.} Bc6 28. Rd2 a5 29. Bc3 axb4 30. Bxb4 Ba7 31. Ne6 Rfc8 {aiming for ...Ba4.} 32. h3 $2 (32. Nc5 $15) 32... Kf7 $2 (32... Ba4 $1 $19 {White must now prevent ...Kf7.} 33. Rd6 Kf7) 33. Rd6 $2 ({Better is} 33. Rc1 $15) 33... Ba4 $1 $19 34. g4 Bb3 $2 (34... Rc2 $19 {is more deadly.} 35. Rf1 Bb5) 35. Nf4 $17 Rd8 (35... exf4 $17 36. Rd7+ Kg8) 36. Ng2 Rxd6 37. Bxd6 Rd8 38. Bb4 g6 39. Ne3 Rd3 40. Kf1 Ba4 $1 41. Rc1 Bb5 (41... Bxe3 $17 42. fxe3 Rxe3) 42. Kg2 $15 Rd7 43. Rc8 Ba6 44. Rf8+ Kg7 45. Re8 Bd4 46. Kg3 Bd3 47. Rc8 f5 $1 {[%cal Rf5f4]} 48. gxf5 gxf5 {[%cal Bg6f5,Bf5f4,Bf4f3][%mdl 32]} 49. Kg2 Kh7 50. Rf8 Kg6 51. Rg8+ Rg7 52. Rf8 $2 {[%mdl 8192]} (52. Rxg7+ $17 Kxg7 53. Nd1) 52... f4 $19 53. Ng4 h5 54. Nf6 e4 (54... Rc7 $142 55. Ne8 Rc2 56. Rg8+ Kf7 57. Rf8+ Ke6 58. Ng7+ Kd7 59. Rf7+ Kc6 60. Rf6+ Kb5) 55. Nd5 f3+ 56. Kh1 {[#] next Nf4+ is good for White.} Bf1 $2 (56... Bc4 $1 $19 {[%cal Rc4d5]} 57. Ne7+ {[#]} Rxe7 $1 {[%mdl 512]} 58. Bxe7 Bxf2 59. Rf6+ Kg7) 57. Nf4+ $11 Kh7 58. Ne6 (58. Nxh5 $11 {remains equal.} Rc7 59. Nf6+ Kg6 60. Nd5) 58... Bg2+ (58... Bxf2 $17 {...Rg1+ is the strong threat.} 59. Nxg7 Kxg7) 59. Kg1 {[#]The position is equal.} e3 $1 {[%mdl 512]} 60. Be1 exf2+ 61. Bxf2 Bxf2+ 62. Kxf2 {[%mdl 4096] Endgame KRB-KRN} Ra7 63. Ng5+ Kg7 64. Rf4 Rxa3 65. h4 Ra2+ 66. Kg3 Bh1 67. Nxf3 Ra3 68. Rf5 Rxf3+ 69. Rxf3 Bxf3 70. Kxf3 {Precision: White = 42%, Black = 59%.} 1/2-1/2

[Event "17th Prague Open 2018"]
[Site "Prague"]
[Date "2018.01.18"]
[Round "8"]
[White "Mishuchkov, Nikolai M"]
[Black "Chernyshov, Konstantin"]
[Result "1/2-1/2"]
[WhiteElo "2303"]
[BlackElo "2480"]
[Annotator "TA"]
[PlyCount "50"]
[EventDate "2018.??.??"]
[EventType "swiss"]
[EventCountry "CZE"]
[SourceTitle "playchess.com"]
[Source "ChessBase"]
[SourceQuality "1"]

{[%evp 16,50,-16,-21,18,29,27,32,50,24,68,43,77,74,84,71,106,104,84,82,121,109,121,113,147,147,147,151,144,121,160,0,155,0,171,129,145]} 1. Nf3 Nf6 2. d4 e6 3. e3 b6 4. Bd3 Bb7 5. O-O d5 6. c4 Bd6 7. cxd5 exd5 8. b4 {[%cal Bb2b4,Bb4b5][%mdl 32] E14: Queen's Indian: Classical Variation (4 e3)} O-O 9. Qb3 {LiveBook: 7 Games} Nc6 $146 ({Predecessor:} 9... Qe7 10. b5 c5 11. bxc6 {½-½ (11) Vaganian,R (2653)-Khalifman,A (2702) Togliatti 2003}) 10. a3 {[%cal Ba2a3,Ba3a4][%mdl 32] The position is equal.} a5 {[%cal Ra5b4]} 11. b5 Ne7 12. a4 Bc8 13. Nc3 Bf5 14. Bxf5 Nxf5 15. Ba3 Re8 16. Bxd6 Qxd6 17. Ne5 h5 18. Rfd1 g6 19. h3 Kg7 20. Ne2 h4 21. Rac1 Ne7 22. Nc6 Nf5 23. Ne5 Ne7 $1 24. Nc6 Nf5 $1 25. Qc2 Rec8 {Precision: White = 50%, Black = 33%.} 1/2-1/2

[Event "17th Prague Open 2018"]
[Site "Prague"]
[Date "2018.01.18"]
[Round "8"]
[White "Pushkov, Nikolai"]
[Black "Melamed, Tatjana"]
[Result "1-0"]
[WhiteElo "2298"]
[BlackElo "2347"]
[Annotator "NA"]
[PlyCount "88"]
[EventDate "2018.??.??"]
[EventType "swiss"]
[EventCountry "CZE"]
[SourceTitle "playchess.com"]
[Source "ChessBase"]
[SourceQuality "1"]
[TimeControl "40/5400+30:1800+30"]

1. Nf3 {[%emt 0:00:00]} Nf6 {[%emt 0:00:20]} 2. c4 {[%emt 0:00:00]} e6 {[%emt 0:01:42]} 3. d4 {[%emt 0:01:34]} Bb4+ {[%emt 0:00:23]} 4. Bd2 {[%emt 0:00:08]} Be7 {[%emt 0:00:20]} 5. Nc3 {[%emt 0:00:47]} d5 {[%emt 0:01:28]} 6. e3 {[%emt 0:02:07]} O-O {[%emt 0:01:38]} 7. Qc2 {[%emt 0:03:46]} c5 {[%emt 0:25:46]} 8. dxc5 {[%emt 0:01:32]} Bxc5 {[%emt 0:00:53]} 9. cxd5 {[%emt 0:07:02]} exd5 {[%emt 0:01:24]} 10. Nb5 {[%emt 0:07:48]} Ne4 {[%emt 0:12:10]} 11. Bd3 {[%emt 0:00:38]} Qe7 {[%emt 0:00:17]} 12. Rc1 {[%emt 0:04:24]} Na6 {[%emt 0:09:52]} 13. O-O {[%emt 0:03:05]} Bg4 {[%emt 0:01:10]} 14. Bxe4 {[%emt 0:08:06]} dxe4 {[%emt 0:01:36]} 15. Nfd4 {[%emt 0:00:08]} Bb6 {[%emt 0:02:07]} 16. h3 {[%emt 0:03:42]} Bd7 {[%emt 0:01:30]} 17. Nc3 $15 {[%emt 0:00:34]} Rfe8 {[%emt 0:03:28]} 18. Nd5 {[%emt 0:02:56]} Qg5 {[%emt 0:00:35]} 19. Nf4 {[%emt 0:01:51]} Nc5 {[%emt 0:03:10]} 20. b4 {[%emt 0:04:49]} Nd3 {[%emt 0:02:51]} 21. h4 {[%emt 0:00:46]} Qxh4 {[%emt 0:04:05]} 22. Nxd3 {[%emt 0:00:04]} exd3 {[%emt 0:00:43]} 23. Qxd3 {[%emt 0:00:03]} Rad8 {[%emt 0:00:21]} 24. Bc3 {[%emt 0:03:59]} Bc6 {[%emt 0:06:02]} 25. Rfd1 {[%emt 0:04:08]} Bc7 {[%emt 0:02:30]} 26. Qf5 {[%emt 0:08:17]} Qh2+ {[%emt 0:04:44]} 27. Kf1 {[%emt 0:00:10]} Qxg2+ {[%emt 0:00:19]} 28. Ke2 {[%emt 0:00:03]} Be4 {[%emt 0:05:55]} 29. Rg1 {[%emt 0:01:33]} Qxg1 {[%emt 0:01:47]} 30. Rxg1 {[%emt 0:00:11]} Bxf5 {[%emt 0:00:05]} 31. Nxf5 {[%emt 0:00:14]} g6 {[%emt 0:01:21]} 32. Nh6+ {[%emt 0:02:32]} Kf8 {[%emt 0:00:15]} 33. Ng4 {[%emt 0:00:08]} f5 {[%emt 0:01:00]} 34. Nf6 {[%emt 0:01:36]} Re7 {[%emt 0:00:28]} 35. Rh1 {[%emt 0:01:41]} h5 {[%emt 0:00:05]} 36. Rg1 {[%emt 0:00:08]} Kf7 {[%emt 0:00:25]} 37. Nh7 {[%emt 0:01:05]} Be5 {[%emt 0:00:55]} 38. Ng5+ {[%emt 0:00:25]} Kf6 {[%emt 0:00:57]} 39. Bxe5+ {[%emt 0:00:10]} Rxe5 {[%emt 0:00:05]} 40. f4 {[%emt 0:00:08]} Ree8 {[%emt 0:32:32]} 41. Nf3 {[%emt 0:30:46]} Re4 {[%emt 0:02:16]} 42. a3 {[%emt 0:00:43]} Rde8 {[%emt 0:00:52]} 43. Ne5 {[%emt 0:00:20]} R4xe5 {[%emt 0:00:53]} 44. fxe5+ {[%emt 0:00:13]} Rxe5 {[%emt 0:00:04]} 1-0

[Event "17th Prague Open 2018"]
[Site "Prague"]
[Date "2018.01.18"]
[Round "8"]
[White "Ranaldi, Lucas"]
[Black "Smith, Bryan"]
[Result "1/2-1/2"]
[WhiteElo "2212"]
[BlackElo "2439"]
[Annotator "TA"]
[PlyCount "59"]
[EventDate "2018.??.??"]
[EventType "swiss"]
[EventCountry "CZE"]
[SourceTitle "playchess.com"]
[Source "ChessBase"]
[SourceQuality "1"]

{[%evp 23,59,0,0,-12,-14,-18,0,0,0,0,8,0,8,0,6,0,2,2,10,-12,7,7,20,20,25,12,54,31,61,31,31,31,51,0,46,0,43,0]} 1. Nf3 c5 2. c4 Nc6 3. Nc3 e5 4. g3 g6 5. Bg2 Bg7 6. O-O d6 7. Ne1 {[%cal Bf3e1,Be1c2,Bc2e3,Be3d5][%mdl 32]} Be6 8. d3 Nge7 9. Nc2 O-O 10. Ne3 a6 11. Ned5 Rb8 12. a4 Nb4 {LiveBook: 5 Games. A37: Symmetrical English vs ...g6: 4 Bg2 Bg7 5 Nf3} (12... b6 13. f4 exf4 14. Bxf4 Bxd5 15. Nxd5 Nxd5 16. Bxd5 Nb4 17. Qd2 Nxd5 18. cxd5 b5 19. Bh6 Bxh6 20. Qxh6 {½-½ (28) Grachev,B (2669)-Gabrielian,A (2555) Moscow 2014}) 13. Bg5 f6 14. Bd2 Nexd5 $146 {The position is equal.} ({Predecessor:} 14... Bf7 15. Nxb4 cxb4 16. Nd5 Nxd5 17. cxd5 a5 18. Rc1 Qd7 19. Be3 b5 20. Rc6 {½-½ (31) Tate,A (2307)-Nagy,G (2439) Zalakaros 2016}) 15. Nxd5 a5 16. Bxb4 cxb4 17. e3 f5 18. Qc2 h5 19. h4 g5 20. Qe2 g4 21. f4 Re8 22. Qc2 Rc8 23. Rae1 Rf8 24. b3 Rf7 25. Re2 Bh6 26. Qb2 Bg7 {[#] Strongly threatening ...exf4.} 27. Qd2 Bh6 28. Qb2 Bg7 {...exf4 is the strong threat.} 29. Qd2 Bh6 30. Qb2 {Precision: White = 39%, Black = 47%.} 1/2-1/2

[Event "17th Prague Open 2018"]
[Site "Prague"]
[Date "2018.01.18"]
[Round "8"]
[White "Michalczak, Thomas"]
[Black "Szpar, Milosz"]
[Result "1/2-1/2"]
[WhiteElo "2208"]
[BlackElo "2367"]
[Annotator "NA"]
[PlyCount "53"]
[EventDate "2018.??.??"]
[EventType "swiss"]
[EventCountry "CZE"]
[SourceTitle "playchess.com"]
[Source "ChessBase"]
[SourceQuality "1"]
[TimeControl "40/5400+30:1800+30"]

1. e4 {[%emt 0:02:14]} d6 {[%emt 0:00:12]} 2. d4 {[%emt 0:00:06]} Nf6 {[%emt 0:00:06]} 3. Nc3 {[%emt 0:00:05]} e5 {[%emt 0:00:05]} 4. Nf3 {[%emt 0:00:05]} Nbd7 {[%emt 0:00:06]} 5. Bc4 {[%emt 0:00:05]} Be7 {[%emt 0:00:15]} 6. O-O {[%emt 0:00:07]} O-O {[%emt 0:00:04]} 7. a4 {[%emt 0:00:04]} c6 {[%emt 0:00:22]} 8. Re1 {[%emt 0:00:06]} b6 {[%emt 0:00:38]} 9. Ba2 {[%emt 0:00:06]} a6 {[%emt 0:00:40]} 10. h3 {[%emt 0:00:05]} Bb7 {[%emt 0:01:16]} 11. dxe5 {[%emt 0:00:16]} dxe5 {[%emt 0:03:05]} 12. Nh4 {[%emt 0:00:07]} Nc5 {[%emt 0:37:48]} 13. Qf3 {[%emt 0:00:25]} Ne6 {[%emt 0:14:41]} 14. Nf5 {[%emt 0:01:42]} Qc7 {[%emt 0:06:40]} 15. Qg3 {[%emt 0:01:49]} Bd8 {[%emt 0:02:06]} (15... Bc5 $14) 16. Bh6 {[%emt 0:04:34]} (16. a5 $16) 16... Nh5 {[%emt 0:02:36]} 17. Qf3 {[%emt 0:00:19]} Nhf4 {[%emt 0:01:43]} 18. Qg4 {[%emt 0:04:00]} Bf6 $14 {[%emt 0:01:47]} 19. h4 {[%emt 0:32:20]} Kh8 {[%emt 0:01:46]} 20. Bg5 {[%emt 0:00:29]} h5 {[%emt 0:03:09]} 21. Qg3 {[%emt 0:03:04]} Bxg5 {[%emt 0:00:19]} 22. hxg5 {[%emt 0:00:14]} g6 {[%emt 0:01:08]} 23. Qh4 {[%emt 0:07:37]} Qd8 {[%emt 0:02:15]} 24. Rad1 {[%emt 0:00:18]} Qxg5 {[%emt 0:00:49]} 25. Qxg5 {[%emt 0:00:12]} Nxg5 {[%emt 0:00:06]} 26. Nd6 {[%emt 0:00:05]} Bc8 {[%emt 0:02:24]} 27. Nc4 {[%emt 0:00:58]} 1/2-1/2

[Event "17th Prague Open 2018"]
[Site "Prague"]
[Date "2018.01.18"]
[Round "8"]
[White "Sivakumar, Ashvin"]
[Black "Druska, Juraj"]
[Result "0-1"]
[WhiteElo "2208"]
[BlackElo "2435"]
[Annotator "TA"]
[PlyCount "34"]
[EventDate "2018.??.??"]
[EventType "swiss"]
[EventCountry "CZE"]
[SourceTitle "playchess.com"]
[Source "ChessBase"]
[SourceQuality "1"]

{[%evp 14,34,16,4,27,0,14,-22,-37,-38,20,-5,15,14,16,0,13,0,0,0,4,-236,-229]} 1. d4 d6 2. c4 e5 3. Nf3 e4 4. Ng5 f5 5. Nc3 Be7 6. Nh3 c6 7. e3 Nf6 8. Nf4 {LiveBook: 58 Games. A21: English Opening: 1...e5 2 Nc3} g5 (8... O-O 9. h4 Na6 10. Be2 Nc7 11. Bd2 Ne6 12. d5 Nxf4 13. exf4 cxd5 14. cxd5 Bd7 15. Be3 b5 16. a3 a6 17. O-O Be8 18. Rc1 Bf7 {0-1 (32) Grigoriants,S (2563)-Bortnyk,O (2581) Tallinn 2016}) 9. Nh5 O-O $1 10. h4 {The position is equal.} Nxh5 11. Qxh5 {[#] Threatens to win with hxg5.} gxh4 (11... g4 $1 $15) 12. f3 $146 ({Predecessor:} 12. g3 Qe8 13. Qxe8 Rxe8 14. gxh4 Nd7 15. Be2 Nf6 {1-0 (36) Bordas,G (2130)-Hocevar,N (2170) Budapest 2000}) 12... Qe8 13. Qxe8 Rxe8 14. fxe4 fxe4 15. Nxe4 Bf5 16. Bd3 d5 {[#]} 17. cxd5 $2 (17. Nf6+ $1 $11 {[%mdl 512]} Bxf6 18. Bxf5) 17... Bxe4 {Precision: White = 11%, Black = 53%.} 0-1

[Event "17th Prague Open 2018"]
[Site "Prague"]
[Date "2018.01.18"]
[Round "8"]
[White "Monin, Nikolay"]
[Black "Popov, Mikhail"]
[Result "0-1"]
[WhiteElo "2193"]
[BlackElo "2416"]
[Annotator "TA"]
[PlyCount "38"]
[EventDate "2018.??.??"]
[EventType "swiss"]
[EventCountry "CZE"]
[SourceTitle "playchess.com"]
[Source "ChessBase"]
[SourceQuality "1"]

{[%evp 16,38,77,44,75,68,76,52,65,70,106,106,106,94,92,94,86,89,85,97,98,37,45,-387,-385]} 1. Nf3 Nf6 2. c4 g6 3. Nc3 Bg7 4. e4 d6 5. d4 O-O 6. Be2 c5 7. O-O Nc6 8. d5 Na5 9. Nd2 e5 {E91: King's Indian: Classical: 6 Be2, unusual replies including 6...c5 and 6...Bg4} 10. b3 (10. a3 b6 11. b4 Nb7 12. Nb3 Nd7 13. Bd2 f5 14. Qc2 Nf6 15. bxc5 bxc5 16. a4 f4 17. a5 {1-0 (43) Slugin,S (2439)-Zontakh,A (2581) Lipetsk 2009}) 10... b6 $146 ({Predecessor:} 10... Bd7 11. Bb2 Ne8 12. Rb1 f5 13. a3 b6 14. b4 Nb7 15. Bc1 Nf6 16. f3 Bh6 17. exf5 gxf5 {0-1 (32) Kumic,F (2088)-Vojinovic,G (2435) Valjevo 2011}) 11. Bb2 Nd7 {[%cal Bf6d7,Bd7e5,Be5d3][%mdl 32] White is slightly better.} 12. Qc2 f5 13. exf5 gxf5 14. f4 exf4 15. Rxf4 Ne5 16. Re1 Bd7 17. Rff1 Nb7 18. Bd3 ({Better is} 18. Nf3 $16) 18... Qh4 $14 {[#] ...Qd4+ is the strong threat.} 19. Ne2 $2 {[%mdl 8192]} (19. Nf3 $14 {keeps the upper hand.} Nxf3+ 20. gxf3) 19... Nxd3 {Precision: White = 33%, Black = 57%.} 0-1